000 00330 a2200145 4500
001 154709
040 _cEscola São Tomás de Aquino
100 _aCHIAVENATO, Júlio José
240 1 0 _aA revolução de 1930
_lpor
245 1 0 _aA revolução de 1930
300 _a39
440 1 _aÁtica
697 _aHISTÓRIA
942 _cBK
999 _c154709
_d154709